000 00422nam a2200157Ia 4500
008 240729s9999 xx 000 0 und d
022 _a1733-8077
245 0 _aQualitative Sociology Review
260 _aPoland
260 _bLodz University Press
650 _a Sociology (General)
650 _aSocial Sciences
856 _uhttps://doaj.org/toc/35fa4fd5367242168dabe9bc6c66dad2
942 _2ddc
942 _cDOAJEJ
999 _c72870
_d72870
945 _a1
_bMadushi Gamage
_c1
_dMadushi Gamage